| 000 | 00520nam a2200205Ia 4500 | ||
|---|---|---|---|
| 003 | OSt | ||
| 005 | 20230531103940.0 | ||
| 008 | 210423s1995 xx 000 0 und d | ||
| 040 | _cAL | ||
| 041 | _aeng | ||
| 082 |
_a305.56 _223 _bYESD |
||
| 100 |
_aBORGIA (Francis) _9117605 |
||
| 245 | _aDalit land struggle | ||
| 260 |
_aNew Delhi _bPointer Publishers _c1995 |
||
| 300 |
_av,26 _bPB |
||
| 650 |
_aSocial Classes _9117606 |
||
| 650 |
_aSociology _9117607 |
||
| 906 | _aDalit ; land ; struggle | ||
| 942 |
_2ddc _cBK |
||
| 999 |
_c174582 _d174582 |
||